000 01492nam a2200277 4500
001 35541
003 ES-MaACL
005 20250721145129.0
007 t|
008 030213s1879 sp f |||| | spa d
100 1 _aBosch, Alberto,
_d1848-1900
_9126090
245 1 0 _aManual de astronomía popular /
_cpor D. Alberto Bosch y Fustegueras.
260 _aMadrid :
_b[s.n.],
_c1879 (
_fTip. de G. Estrada)
300 _a224 p., [1] h. pleg. de lám. ;
_c17 cm.
490 1 _aBiblioteca enciclopédica popular ilustrada.
_aSección 3ª. Conocimientos útiles
505 8 _aContiene: Parte I: Exposición histórica del sistema del mundo . Parte II: Astronomía práctica . Parte III: Sistema solar . Parte IV: Universo estelar . Apéndice: La astronomía en sus relaciones con la meteorología ; La astrología o astronomía judiciaria ; La astronomía racional o matemática ; Renacimiento de la meteorología ; Previsión de los fenómenos meteorológicos
530 _aDisponible en formato digital.
597 _aMarca tipográfica en port.
650 _aAstronomía-
_vObras de divulgación.
_910390
650 7 _aMeteorología
_2embne
_915017
700 1 _aEstrada, Gregorio.
_9126979
830 1 _aBiblioteca enciclopédica popular ilustrada.
_aSección 3ª. Conocimientos útiles
_9180990
852 _aES-MaACL
_jF-13602
_z. - Enc. hol.
856 _uhttp://bdh-rd.bne.es/viewer.vm?id=0000125631&page=1
_zBiblioteca Digital Hispánica
999 _c35541
_d35541